000 00349nam a2200145 a 4500
005 20140412111328.0
008 110120s19uu xx 00 eng d
020 _a971-91249-2-x
050 _aM 428
_bD98 1993
100 _aDy, Joy
245 _aI Like folkienese /
_cJoy Dy.
260 _aPhilippines,
_c1993.
300 _a50p.
999 _c104791
_d104791